00634nam a22001812 4500001001100000005001700011008004100028020001700069040001500086100002900101245018900130250001300319260002900332300001600361650003400377700003800411852000300449000001291520151217155854.0090401s xx 000 0 eng d a9970841105 : aKABUcKABU1 aOlum, Yasin.@000016991413aAn Assessment of Graduated Personal Tax in financing decentralized local government in Uganda between 1998-2002 :ba case study of Bushenyi district /cYasin Olum, Mesharch Katusiimeh. a1st ed. aKampala :bNURRU,c2004. axvi, 54 p. 0aTaxationzUganda.@00001699151 aKatusiimeh, Mesharch.@00001699161